| 000 | 00407nam a22001697a 4500 | ||
|---|---|---|---|
| 005 | 20180519115801.0 | ||
| 008 | 160622b xxu||||| |||| 00| 0 eng d | ||
| 020 | _a81-203-1147-7 | ||
| 041 | _aeng | ||
| 082 |
_b9253 _a511.1 |
||
| 100 |
_aKolman, Bernard and others _92526 |
||
| 245 | _aDiscrete Mathematical Structure | ||
| 260 |
_bPHI _c1998 |
||
| 300 | _a455 | ||
| 650 |
_aManagement _9241 |
||
| 942 | _cBK | ||
| 999 |
_c3589 _d3588 |
||